| Поле | Инд. | ПП | Название | Значение |
|---|---|---|---|---|
| Тип записи | a | |||
| Библиографический уровень | b | |||
| 001 | Контрольный номер | RU/IS/BASE/264554051 | ||
| 005 | Дата корректировки | 20200522190626.4 | ||
| 008 | Кодируемые данные | 19970618 | ||
| 084 | a | Индекс другой классификации/Индекс ББК | 63.3(2)5-7; 85.143(0)5; 85.103(2)5л61 | |
| 097 | 00 | a | 750 | |
| 100 | 10 | a | Автор | Банников А. |
| q | Полное имя | Банников Александр | ||
| 245 | 00 | a | Заглавие | Тернистый путь в Эрмитаж |
| 504 | 00 | a | Библиография | Примеч. |
| 520 | 00 | a | Аннотация | История картины Леонардо да Винчи "Мадонна Бенуа" из собрания Эрмитажа |
| 600 | 14 | a | Персоналии | Бенуа Александр Николаевич |
| a | Персоналии | Вейнер Петр Петрович | ||
| a | Персоналии | Леонардо да Винчи | ||
| a | Персоналии | Липгарт Эрнест Карлович фон | ||
| a | Персоналии | Сапожниковы | ||
| a | Персоналии | Толстой Дмитрий Иванович | ||
| 650 | 04 | a | Основная рубрика | живопись |
| a | Основная рубрика | изобразительное искусство | ||
| a | Основная рубрика | искусство | ||
| a | Основная рубрика | история | ||
| a | Основная рубрика | история изобразительного искусства | ||
| 653 | 00 | a | Ключевые слова | "Мадонна Бенуа" |
| a | Ключевые слова | XIX век | ||
| a | Ключевые слова | коллекции | ||
| a | Ключевые слова | культура | ||
| a | Ключевые слова | Россия | ||
| a | Ключевые слова | художественные собрания | ||
| a | Ключевые слова | Эрмитаж | ||
| 773 | 00 | t | Заглавие источника | Памятники Отечества |
| d | Дата издания источника | 1995 | ||
| g | Прочая информация | № 34 (3 - 4). - С. 157 - 163 | ||
| w | Контрольный № источника | RU/IS/BASE/142436424 | ||
| 901 | t | Тип документа | b |